00656nam a2200205Ia 450000500170000000800460001702000220006303700120008504000210009704100130011808400230013110000290015424500230018326000470020630000100025365000370026394200230030099900210032395201060034420250508164403.0008 250505s9999 xx 000 0 hin d a978-81-267-1240-3 aTextual aFEDL bengcFEDL ahin2hin a891.433, KASqFEDL aKashi Nath Singh9606961 0aGhar ka jogi jogda aNew Delhi, IndiabRajkamal Prakashanc2006 a134p. aHindi literature-Fiction9722739 cTEXLh891.433, KAS c1388881d1388881 00104070aFEDLbFEDLd2025-05-08l0o891.433, KASpEL0082506r2025-05-08 16:44:03w2025-05-08yTEXL